Fasting, feasting/ (Record no. 12335)

MARC details
000 -LEADER
fixed length control field 00493nam a22001937a 4500
005 - DATE AND TIME OF LATEST TRANSACTION
control field 20260317082934.0
008 - FIXED-LENGTH DATA ELEMENTS--GENERAL INFORMATION
fixed length control field 260317b |||||||| |||| 00| 0 eng d
020 ## - INTERNATIONAL STANDARD BOOK NUMBER
International Standard Book Number 9788184000580
040 ## - CATALOGING SOURCE
Original cataloging agency IN-DiNC
Transcribing agency IN-DiNC
041 ## - LANGUAGE CODE
Language code of sung or spoken text English
082 ## - DEWEY DECIMAL CLASSIFICATION NUMBER
Classification number 823.954
Item number DES
100 ## - MAIN ENTRY--PERSONAL NAME
Personal name Desai, Anita
Relator term Author
245 ## - TITLE STATEMENT
Title Fasting, feasting/
Statement of responsibility, etc. by Anita Desai
250 ## - EDITION STATEMENT
Edition statement 7th imp.
260 ## - PUBLICATION, DISTRIBUTION, ETC.
Place of publication, distribution, etc. Noida:
Name of publisher, distributor, etc. Random house,
Date of publication, distribution, etc. 2014.
300 ## - PHYSICAL DESCRIPTION
Extent 234p.
650 ## - SUBJECT ADDED ENTRY--TOPICAL TERM
Topical term or geographic name entry element Indian novel in English
942 ## - ADDED ENTRY ELEMENTS (KOHA)
Source of classification or shelving scheme Dewey Decimal Classification
Koha item type Books
Holdings
Withdrawn status Lost status Source of classification or shelving scheme Damaged status Not for loan Collection code Home library Current library Shelving location Date acquired Cost, normal purchase price Total Checkouts Full call number Barcode Date due Date last seen Date last checked out Copy number Price effective from Koha item type
    Dewey Decimal Classification     English Central Library, Naharkatiya College Central Library, Naharkatiya College General Stacks 17/03/2026 299.00 1 823.954 DES 22985 15/05/2026 27/04/2026 27/04/2026 1 17/03/2026 Books

Naharkatiya College © 2020. All rights reserved.

Powered By